Statistieken voor Raad de Landen die Worden Getekend

Klik hier om de quiz te nemen!

Algemene statistieken

  • Deze quiz is 3.870 keer genomen
  • De gemiddelde score is 6 van 16

Antwoorden op de kaart

Antwoorden kleurgecodeerd door een groen-rode schaal op de quizkaart volgens % correct hieronder.
 

Antwoordstatistieken

% Correct
Nederland
55%
Gambia
54%
Kroatië
54%
Noorwegen
54%
Australië
52%
India
52%
Mexico
52%
Turkije
52%
Japan
51%
Marokko
51%
Denemarken
49%
Finland
49%
Ierland
48%
Israël
48%
Egypte
47%
Niger
47%
Spanje
47%
Verenigde Staten
47%
Albanië
46%
Chili
46%
Cyprus
46%
Griekenland
46%
Rusland
46%
Zwitserland
46%
Benin
45%
Oostenrijk
45%
Zuid-Afrika
45%
Frankrijk
44%
Nepal
44%
Senegal
44%
Tsjechië
44%
Brazilië
43%
Jordanië
43%
Namibië
43%
Somalië
43%
Duitsland
42%
Monaco
42%
Nieuw-Zeeland
42%
Oekraïne
42%
Polen
42%
China
41%
Pakistan
41%
Thailand
41%
Verenigd Koninkrijk
41%
Vietnam
41%
Bosnië en Herzegovina
40%
Myanmar
40%
Oman
40%
Papoea-Nieuw-Guinea
40%
Vaticaanstad
40%
Moldavië
39%
Panama
39%
Zweden
39%
Argentinië
38%
Letland
38%
Algerije
37%
Bangladesh
37%
Italië
37%
Portugal
37%
IJsland
36%
Libië
36%
Haïti
35%
Iran
35%
Mozambique
35%
Afghanistan
34%
Madagaskar
34%
Tunesië
34%
Democratische Republiek Congo
33%
Oezbekistan
33%
Peru
33%
Costa Rica
32%
Ethiopië
32%
Ghana
32%
Guinee
32%
Kameroen
32%
Kazachstan
32%
Maleisië
32%
Mali
32%
Noord-Korea
32%
Verenigde Arabische Emiraten
32%
Nigeria
31%
Bulgarije
30%
Jemen
30%
Saoedi-Arabië
30%
Sri Lanka
30%
Tadzjikistan
30%
Tsjaad
30%
Venezuela
30%
Laos
29%
Malawi
29%
Malta
29%
Tanzania
29%
Zuid-Korea
29%
België
28%
Georgië
28%
Ivoorkust
28%
Mauritanië
28%
Colombia
27%
Litouwen
27%
Paraguay
27%
Zambia
27%
Angola
26%
Kirgizië
26%
Slovenië
26%
Bolivia
25%
Cuba
25%
Estland
24%
Togo
24%
Zimbabwe
24%
Eritrea
23%
Irak
23%
Trinidad en Tobago
23%
Centraal-Afrikaanse Republiek
21%
Republiek Congo
21%
Liberia
20%
Nicaragua
20%
Azerbeidzjan
19%
Guyana
19%
Kenia
19%
Taiwan
19%
Guatemala
18%
Armenië
17%
Gabon
17%
Uruguay
17%
Honduras
16%
Koeweit
16%
Syrië
16%
Botswana
15%
Lesotho
15%
Sierra Leone
15%
Zuid-Soedan
15%
Belize
13%
Brunei
13%
Ecuador
13%
Djibouti
11%
Dominicaanse Republiek
11%
Jamaica
10%
Libanon
9%
Burundi
8%
Qatar
7%
El Salvador
5%

Scoreverdeling

Percentiel versus Aantal Correcte Antwoorden

Procent van Mensen met Elke Score

Uw Scoregeschiedenis

U heeft deze quiz nog niet genomen